|
|
|
|
| LEADER |
00000caa a22000002c 4500 |
| 001 |
1827470739 |
| 003 |
DE-627 |
| 005 |
20221219102342.0 |
| 007 |
tu |
| 008 |
221215n19uuuuuuxx ||||| 00| ||und c |
| 020 |
|
|
|a 0773459650
|
| 035 |
|
|
|a (DE-627)1827470739
|
| 035 |
|
|
|a (DE-599)KXP1827470739
|
| 040 |
|
|
|a DE-627
|b ger
|c DE-627
|e rakwb
|
| 084 |
|
|
|a 1
|2 ssgn
|
| 100 |
1 |
|
|e VerfasserIn
|0 (DE-588)115838279
|0 (DE-627)077504186
|0 (DE-576)161702430
|4 aut
|a Kienzler, Klaus
|d 1944-
|
| 109 |
|
|
|a Kienzler, Klaus 1944-
|a Kincler, Klaus 1944-
|
| 245 |
1 |
0 |
|a Heidegger und Augustinus
|
| 264 |
|
1 |
|c 19XX
|
| 336 |
|
|
|a Text
|b txt
|2 rdacontent
|
| 337 |
|
|
|a ohne Hilfsmittel zu benutzen
|b n
|2 rdamedia
|
| 338 |
|
|
|a Band
|b nc
|2 rdacarrier
|
| 500 |
|
|
|a Rezeption;
|
| 600 |
1 |
7 |
|0 (DE-588)4120947-3
|0 (DE-627)105772836
|0 (DE-576)209539275
|a Augustinus, Aurelius
|c Heiliger
|d 354-430
|t Confessiones
|2 gnd
|
| 601 |
|
|
|a Augustinus
|
| 773 |
0 |
8 |
|i Enthalten in
|t Martin Heidegger's interpretations of Saint Augustine
|d Lewiston, NY [u.a.] : Mellen, 2005
|g , Seite 27-73
|h XII, 442 S.
|w (DE-627)1623465346
|w (DE-576)251815625
|z 0773459650
|7 nnam
|
| 773 |
1 |
8 |
|g pages:27-73
|
| 935 |
|
|
|a AUGU
|
| 951 |
|
|
|a AR
|
| ELC |
|
|
|b 1
|
| ITA |
|
|
|a 1
|t 1
|
| LOK |
|
|
|0 000 xxxxxcx a22 zn 4500
|
| LOK |
|
|
|0 001 4232679200
|
| LOK |
|
|
|0 003 DE-627
|
| LOK |
|
|
|0 004 1827470739
|
| LOK |
|
|
|0 005 20221224105307
|
| LOK |
|
|
|0 008 221215||||||||||||||||ger|||||||
|
| LOK |
|
|
|0 035
|a (DE-Tue135-4)zaf-32281
|
| LOK |
|
|
|0 040
|a DE-Tue135-4
|c DE-627
|d DE-Tue135-4
|
| LOK |
|
|
|0 092
|o n
|
| LOK |
|
|
|0 689
|a t
|0 1826896732
|t Confessiones = conf.
|x 00
|
| LOK |
|
|
|0 689
|a s
|0 182689666X
|a concupiscentia
|
| LOK |
|
|
|0 689
|a s
|0 1826897585
|a cura
|
| LOK |
|
|
|0 689
|a s
|0 1826906835
|a memoria
|
| LOK |
|
|
|0 689
|a s
|0 1826907270
|a molestia
|
| LOK |
|
|
|0 689
|a s
|0 1826911626
|a quaestio (quaerere)
|
| LOK |
|
|
|0 852
|a DE-Tue135-4
|
| LOK |
|
|
|0 852 1
|9 00
|
| LOK |
|
|
|0 935
|a wumi
|
| LOK |
|
|
|0 939
|a 15-12-22
|b l01
|
| ORI |
|
|
|a SA-MARC-ixtheoa001.raw
|
| SYA |
0 |
0 |
|a Augustinus, Aurelius,Heiliger,354-430,Bekenntnisse,Augustinus, Aurelius,Heiliger,354-430,Confessionum libri tredecim,Augustinus, Aurelius,Heiliger,354-430,Liber confessionum,Augustinus, Aurelius,Heiliger,354-430,Die dreyzehen Bücher der Bekantnussen,Augustinus, Aurelius,Heiliger,354-430,Die Bekenntnisse,Augustinus, Aurelius,Heiliger,354-430,St. Augustin's confessions,Augustinus, Aurelius,Heiliger,354-430,Confessions,Augustinus, Aurelius,Heiliger,354-430,Confessioni,Augustinus, Aurelius,Heiliger,354-430,Conf.,Augustinus, Aurelius,Heiliger,354-430,Des heiligen Augustin Bekenntnisse,Augustinus, Aurelius,Heiliger,354-430,St. Augustin's confessions
|